000 00521nam a2200193 a 4500
005 20210219151818.0
008 991125s1988 mx 000 0 spa u
035 _aUPN01000041765
049 _aI
050 4 _aGT231
_bB6.5
100 1 _aBolívar, Ramón,
_d1953-
245 1 0 _aNuestra casa /
_cRamón Bolívar, Marcio López.
260 _aMéxico :
_bCONAFE :
_bSEP,
_c1988.
300 _a[16]. :
_bil.
440 0 _aChipichipi
650 4 _aCASAS -
_zMEXICO
700 1 _aLópez, Marcio,
_ecoaut.
905 _aInfantil
999 _c41765
_d41765